MDQL
is popping MORE tags! Check the
thread
!
Quizzes
Events
Quiz Creation
Community
Videos
Private Events
Remove Ads
Sign In
Join for FREE
Feedback
Dark Mode
Quiz Categories
Sports
Geography
Music
Movies
Television
Just For Fun
Miscellaneous
History
Literature
Language
Science
Gaming
Entertainment
Religion
Holiday
For Kids
Quiz Lab
Recent
Popular Today
Quiz Kudos Today
Editor Picks
Curator Picks
Quizzes by...
Day
Popularity
Type
Ratings
Length
Year
Community
Subscriptions
Recent Discussions
Orange Saloon
Badges
Playlists
Quests
Create
Leaderboards
Showdown
Live 5
Trivia Bingo
Activity
Puzzle Library
Sporcle Events
Private Events
Virtual Trivia
Globe League
Become a Host
Pub Owners
SporcleCon
Opinionation
Our Games
Videos
Blog
Mobile Apps
Partnerships
Remove Ads and Go Orange
Feedback
Gaming
Video Games
Board Games
Card Games
Pokémon
Mario
Nintendo
Minecraft
Console
Toys
Legend of Zelda
Gaming
Video Games
Board Games
Card Games
Pokémon
Mario
Nintendo
Minecraft
Console
Toys
Legend of Zelda
Random Quiz
Search Sporcle
×
Quiz Lab
Quiz Lab
Gaming
Pokémon
Type in answers that appear in a list
Type in answers that appear in a list
Classic
Best Score? Go Orange.
Pokemon by Pokedex Entries Stats
Can you name the Pokemon by their Pokedex Entries
By
boromir
10m
30 Questions
85 Plays
85 Plays
85 Plays
Comments
Comments
Give Quiz Kudos
Give Quiz Kudos
-
- Ratings
hide this ad
Replay
Link that replays current quiz
Next Quiz
Link to next quiz in quiz playlist
You Got
0%
They Got
Avg Score
49%
Avg Friend Score
Upgrade to see
Score Distribution
Jump to the score distribution portion of the page
Score
0/30
Timer
10:00
1
Play Today
Pokedex Entry
Answer
% Correct
Its tongue is twice the length of its body. It can be moved like an arm for grabbing food and attacking.
Lickitung
88.2%
Blue plant vines cloak the POKéMON's identity in a tangled mass. It entangles anything that gets close.
Tangela
77.6%
An odd species that is rarely found. The three heads respectively represent joy, sadness, and anger.
Dodrio
76.5%
It remains virtually immobile while it clings to a tree. However, on the inside, it busily prepares for evolution. This is evident from how hot its shell becomes
Kakuna
72.9%
It scatters toxic spores from the mushroom cap. In China, the spores are used as herbal medicine.
Parasect
71.8%
It disguises itself as a tree to avoid attack. It hates water, so it will disappear if it starts raining.
Sudowoodo
69.4%
(ANSWER) bounces around on its tail. The shock of its bouncing makes its heart pump. As a result, this POKéMON cannot afford to stop bouncing -
if it stops, its heart will stop.
Spoink
67.1%
A prehistoric POKéMON that lived in the primordial sea, it swims by twisting its 10 tentacles about.
Omanyte
64.7%
Its curved antlers subtly change the flow of air to create a strange space where reality is distorted.
Stantler
63.5%
If static electricity builds in its body, its fleece doubles in volume. Touching it will shock you.
Mareep
58.8%
To fire its poison spikes, it must inflate its body by drinking over 2.6 gallons of water all at once.
Qwilfish
58.8%
Said to be the reincarnation of north winds, it can instantly purify filthy, murky water.
Suicune
56.5%
Its sturdy wings look heavy, but its bones are hollow and light, allowing it to fly freely in the sky.
Skarmory
56.5%
A common sight in volcanic areas, it slowly slithers around in a constant search for warm places.
Slugma
56.5%
It can swallow a tire whole in one gulp. It secretes a horribly toxic fluid from the pores on its body.
Swalot
54.1%
Pokedex Entry
Answer
% Correct
Light and agile on its feet, and ferocious in temperament. When angered, it flies into an uncontrollable frenzy.
Mankey
49.4%
(ANSWER)'s hard body doesn't move -
not even a twitch. In fact, its body appears to be merely a hollow shell. It is believed that this POKéMON will steal the spirit of anyone peer
Shedinja
48.2%
Its iron horns grow longer a little at a time. They are used to determine the (ANSWER)'s age. The gouges in its armor are worn with pride as mementos from battles.
Aggron
44.7%
Swimming freely in open seas, it may fly out of the water and over the waves if it builds up enough speed.
Mantine
43.5%
A forest-
dwelling POKéMON that is skilled at climbing trees. Its long and pointed nose is its weak point. It loses power if the nose is gripped.
Nuzleaf
43.5%
Even the young can exceed 6.5 feet in length. It grows larger by repeatedly shedding skin.
Dratini
40%
It lives in deserts. It becomes active at night when it hunts for prey exhausted from the desert's heat.
Cacturne
38.8%
The cheerful spirit of its TRAINER gives it energy for its psychokinetic power. It spins and dances when happy.
Kirlia
35.3%
Its body emits a powerful magnetism. It feeds on prey that is pulled in by the force. Its magnetism is stronger in cold seasons.
Nosepass
32.9%
It can't keep still because its blood boils with energy. It runs through the fields and mountains all day to calm itself. If it doesn't, it can't sleep at night.
Vigoroth
25.9%
It boosts its concentration by emitting harsh cries. Its kicks have outstanding destructive power.
Combusken
17.6%
By reading air currents, it can predict things such as the weather or its foe's next move.
Espeon
16.5%
Its fur is extremely fine, dense, and supple. The exquisitely pleasant fur conveys an image of luxury.
Wigglytuff
15.3%
When the weather turns cold, numerous (ANSWER) gather from everywhere to cluster and keep each other warm.
Ledyba
15.3%
It lashes about with its tail to knock down its foe. It then tears up the fallen opponent with sharp claws.
Charmeleon
14.1%
Quiz Playlist
Details
Report
Send in Message
Add To Playlist
Classic:
Type in answers that appear in a list
Last Updated: Feb 16, 2017
Quiz Scoreboard
CHALLENGE
Sign Up to Join the Scoreboard
Show All
Scores
Hide
Comments
May contain spoilers
Recently Published
1-10 Letter E Words III
by El_Dandy
Language
2m
Street Fighter Characters
by Artimus82
Gaming
60s
College Basketball Coaching Resumes
by pancakes188
Sports
9m
More to Explore
Quiz From the Vault
Featured Blog Post
Where Did the Easter Bunny Come From?
hide this ad
You Might Also Like...
Tags
Pokémon Quiz
All Pokémon
Animals Pokémon
Entry
Original Pokémon
Today's Top Quizzes in Gaming
Browse Gaming
hide this ad
Today's Top Quizzes in Pokémon
Browse Pokémon
Top Contributed Quizzes in Gaming
1
5-to-1: Consoles
2
7-to-1: Board Game Piece Blitz
3
5-to-1: Legend of Zelda
4
League of Legends Pro Players by Career/Team History
5
Destiny 2 exotic weapons by perk icons
6
Ultimate Genshin Impact Logic Puzzle (up to 4.3)
7
Quick Pick: Video Games Lost in Translation
8
Franchise by Action Figure
9
Who's on the WWE 2K24 Cover?
10
Genshin Impact Logic Puzzle Quiz
Explore More
Trending Topics
Crossword
NBA
Disney
Harry Potter
Kpop
Anime
Marvel
The Office
WWE
NFL
Country
Puzzle
Song
Pokémon
Soccer
hide this ad
More By:
boromir
Quiz
Plays
Rating
Category
Featured
Created
Planet Rock's Top 100 Rock Songs
4,929
4.65
Music
Jun 23, 2014
5 Star Actors-Star Wars
2,059
4.14
Movies
Mar 14, 2014
30 in 60: Anime Characters
2,033
2.50
Television
Mar 7, 2015
30 in 60: Rock Albums
1,951
4.45
Music
Jan 9, 2015
5 Star Sci Fi Movies
1,660
3.90
Movies
Jun 2, 2014
Go to Creator's Profile
Score Distribution
Quiz Creator Spotlight
boromir
Follow
Send a Message
Quizzes Created
-
Created Quiz Play Count
-
More By This Creator
Popular Quizzes Today
1
Find the US States - No Outlines Minefield
2
Find the Countries of Europe - No Outlines Minefield
3
Find the US States
4
The Countries of the World
5
Risky Map Clicking: Biggest States A-Z
6
US States
7
Popular People in 1961
8
Movies - When Are They Set?
More Gaming Quizzes
A-Z Characters: Super Smash Bros.
Published
Trending Quizzes
Risky Map Clicking: Least Populous States A-Z
1-10 Letter G Words
1-10 Letter F Words
Countries of the World: 200 Million BC
Risky Map Clicking: Next State Alphabetically
Recently Updated
Rides in Walt Disney World
pecheneg
Most Oscar Losses (Acting)
pecheneg
Beyoncé Albums
pecheneg
Leaping Animals
pecheneg
Reality TV Shows (A-Z)
bhenderson79
Rickey Henderson's Hall of Fame Teammates
pecheneg
Champions League XIs: Arsenal
pecheneg
Quick Pick: Celebrities in WWE's Hall of Fame
aduchscher
A-Z Keypad Blitz II
pecheneg
Trending Topics
NBA
Disney
Marvel
Anime
Crossword
Kpop
Harry Potter
WWE
Soccer
Country
Pokémon
The Office
Song
NFL
Puzzle
Your Account Isn't Verified!
In order to create a playlist on Sporcle, you need to verify the email address you used during registration. Go to your
Sporcle Settings
to finish the process.
Report this User
Report this user for behavior that violates our
Community Guidelines
.
Details:
Send Report
Go to the Sporcle.com Mobile Site →
Comments